Economy and self : philosophy and economics from the mercantilists to Marx /

Saved in:
Bibliographic Details
Main Author: Fischer, Norman, 1943-
Format: Book
Language:English
Published: Westport, Conn. : Greenwood Press, 1979.
Series:Contributions in economics and economic history ; no. 24
Subjects:
LEADER 01083nam a2200301 a 4500
001 c000332619
003 CARM
005 00000000000000.0
008 790323s1979 ctu b 00110 eng
019 1 |a 1391895  |5 LACONCORD2021 
020 |a 0313208883 
035 |a (OCoLC)4859128  |5 LACONCORD2021 
040 |d NNCU 
050 0 0 |a HB72  |b .F48 
100 1 |a Fischer, Norman,  |d 1943- 
245 1 0 |a Economy and self :  |b philosophy and economics from the mercantilists to Marx /  |c Norman Fischer. 
260 |a Westport, Conn. :  |b Greenwood Press,  |c 1979. 
300 |a x, 264 p. ;  |c 22 cm. 
490 0 |a Contributions in economics and economic history ;  |v no. 24 
500 |a Includes index. 
504 |a Bibliography: p. [251]-259. 
650 0 |a Economics. 
650 0 |a Marxian economics. 
650 0 |a Self (Philosophy) 
852 8 |b CARM  |h A1:AL06C0  |i B09889  |p 0445125  |f BK 
082 0 4 |a 330.1  |2 19 
999 f f |i eccd99e5-d4f1-57b8-82c2-a983dc9d4311  |s 00de4b32-5e7f-5cef-bd6b-3c3a0f6bf3c0 
952 f f |p Can circulate  |a CAVAL  |b CAVAL  |c CAVAL  |d CARM 1 Store  |e B09889  |f A1:AL06C0  |h Other scheme  |i book  |m 0445125